[Event "DSOL 04 Liga Gr-A 1st"]
[Site "Playchess.com INT"]
[Date "2020.08.11"]
[Round "2.2"]
[White "Elsner, Heiko"]
[Black "Kuever, Bastian"]
[Result "0-1"]
[WhiteElo "1796"]
[BlackElo "1351"]
[PlyCount "98"]
[EventDate "2020.06.22"]
[EventType "team-tourn (rapid)"]
[EventCountry "GER"]
[SourceTitle "EXT 2021"]
[Source "ChessBase"]
[SourceDate "2020.10.23"]
[SourceVersion "1"]
[SourceVersionDate "2020.10.23"]
[SourceQuality "1"]
[WhiteTeam "Plochingen"]
[BlackTeam "Ludwigshafen II"]
[WhiteTeamCountry "GER"]
[BlackTeamCountry "GER"]

1. d4 d6 2. Nf3 Nf6 3. e3 Nbd7 4. Bd3 e5 5. dxe5 dxe5 6. Nbd2 c6 7. b3 Bb4 8. 0-0 Qc7 9. Bb2 0-0 10. Ne4 Nxe4 11. Bxe4 Bd6 12. Bf5 Nc5 13. Bxc8 Raxc8 14. Nd2 b5 15. Qh5 Rfd8 16. Nf3 f6 17. a4 a6 18. axb5 axb5 19. Rfd1 Bf8 20. Nh4 Rxd1+ 21. Qxd1 Rd8 22. Qe2 Ne4 23. Qg4 Qd7 24. Qxd7 Rxd7 25. f3 Nd2 26. Bc3 b4 27. Bb2 c5 28. Nf5 c4 29. bxc4 Nxc4 30. Bc1 Rd1+ 31. Kf2 Na3 32. Ke2 Rg1 33. Kf2 Rd1 34. Ke2 Rg1 35. Kf2 Nxc2 36. Rb1 Rd1 37. Ke2 Rh1 38. h3 Na3 39. Ra1 b3 40. Bb2 Rxa1 41. Bxa1 Nc4 42. Kd3 b2 43. Bxb2 Nxb2+ 44. Ke4 g6 45. Ng3 Kf7 46. f4 Ke6 47. Ne2 f5+ 48. Kf3 e4+ 49. Kf2 Nd1+ 0-1

[Event "DSOL 04 Liga Gr-A 1st"]
[Site "Playchess.com INT"]
[Date "2020.07.10"]
[Round "3.2"]
[White "Aden, Tammo"]
[Black "Elsner, Heiko"]
[Result "0-1"]
[WhiteElo "1931"]
[BlackElo "1796"]
[PlyCount "75"]
[EventDate "2020.06.22"]
[EventType "team-tourn (rapid)"]
[EventCountry "GER"]
[SourceTitle "EXT 2021"]
[Source "ChessBase"]
[SourceDate "2020.10.23"]
[SourceVersion "1"]
[SourceVersionDate "2020.10.23"]
[SourceQuality "1"]
[WhiteTeam "Heisfelde"]
[BlackTeam "Plochingen"]
[WhiteTeamCountry "GER"]
[BlackTeamCountry "GER"]

1. d4 d5 2. Nf3 g6 3. c4 c6 4. g3 Bg7 5. Bg2 dxc4 6. 0-0 Nf6 7. Ne5 0-0 8. Nxc4 Bf5 9. Nc3 Na6 10. h3 h5 11. e4 Be6 12. d5 cxd5 13. exd5 Bf5 14. Bf4 Nb4 15. d6 Bd3 16. dxe7 Qxe7 17. Re1 Qd7 18. Ne5 Qd8 19. a3 Nc2 20. Qxd3 Qxd3 21. Nxd3 Rad8 22. Ne5 Nxa1 23. Rxa1 b6 24. Nc6 Rd7 25. Rd1 Rxd1+ 26. Nxd1 Re8 27. Nc3 a6 28. Be5 Nd7 29. Bxg7 Kxg7 30. Nb4 Re1+ 31. Kh2 a5 32. Nd3 Re6 33. Nf4 Re1 34. Nfd5 Rc1 35. Be4 f5 36. Bd3 Ne5 37. Ne2 Rd1 38. Bb5 0-1

[Event "GER-ch Net Amateur Gr-B Vor3"]
[Site "Playchess.com INT"]
[Date "2020.04.16"]
[Round "4"]
[White "Neuhoff, Laertes"]
[Black "Elsner, Heiko"]
[Result "1-0"]
[WhiteElo "1391"]
[BlackElo "1562"]
[PlyCount "101"]
[EventDate "2020.04.16"]
[EventType "swiss (blitz)"]
[EventRounds "9"]
[EventCountry "GER"]
[SourceTitle "CBM 195 Extra"]
[Source "ChessBase"]
[SourceDate "2020.05.31"]
[SourceVersion "1"]
[SourceVersionDate "2020.05.31"]
[SourceQuality "1"]

1. d4 Nf6 2. c4 g6 3. Nf3 Bg7 4. g3 0-0 5. Bg2 c5 6. d5 d6 7. Nc3 Nbd7 8. 0-0 a6 9. a4 e6 10. dxe6 fxe6 11. Qxd6 Re8 12. Bh3 Bf8 13. Qd3 e5 14. Bg5 e4 15. Bxf6 exd3 16. Bxd8 dxe2 17. Rfe1 Rxd8 18. Rxe2 Nb6 19. b3 Bxh3 20. a5 Bg7 21. axb6 Bxc3 22. Rc1 Ba5 23. Ng5 Bg4 24. f3 Bf5 25. g4 Rd2 26. Rxd2 Bxd2 27. Rd1 Bxg5 28. gxf5 gxf5 29. Rd7 Be3+ 30. Kg2 f4 31. Rxb7 Kf8 32. Rc7 Rb8 33. b7 Bd4 34. Rc8+ Ke7 35. Rxb8 Be5 36. Rc8 Kd7 37. b8Q Bxb8 38. Rxb8 Kc7 39. Rh8 a5 40. Rxh7+ Kc6 41. h4 a4 42. bxa4 Kb6 43. h5 Ka5 44. Ra7+ Kb4 45. h6 Kxc4 46. h7 Kb4 47. h8Q c4 48. Qb8+ Ka3 49. Rb7 c3 50. Rb3+ Kxa4 51. Qb4# 1-0

[Event "GER-ch Net Amateur Gr-B Vor3"]
[Site "Playchess.com INT"]
[Date "2020.04.16"]
[Round "1"]
[White "Schmitt, Carsten1111"]
[Black "Elsner, Heiko"]
[Result "1-0"]
[WhiteElo "1717"]
[BlackElo "1568"]
[PlyCount "49"]
[EventDate "2020.04.16"]
[EventType "swiss (blitz)"]
[EventRounds "9"]
[EventCountry "GER"]
[SourceTitle "CBM 195 Extra"]
[Source "ChessBase"]
[SourceDate "2020.05.31"]
[SourceVersion "1"]
[SourceVersionDate "2020.05.31"]
[SourceQuality "1"]

1. c4 g6 2. g3 Bg7 3. Bg2 Nf6 4. Nc3 c6 5. e4 d6 6. Nge2 Bg4 7. 0-0 Nbd7 8. h3 Be6 9. d3 Nc5 10. f4 Qb6 11. Kh2 0-0 12. g4 Bd7 13. Ng3 e5 14. f5 Rad8 15. g5 Ne8 16. f6 Bh8 17. Rb1 Be6 18. Be3 d5 19. exd5 cxd5 20. cxd5 Bc8 21. b4 Qc7 22. bxc5 Qd7 23. d6 Qe6 24. Nd5 Nxd6 25. Ne7+ 1-0

[Event "GER-ch Net Amateur Gr-B Vor2"]
[Site "Playchess.com INT"]
[Date "2020.04.15"]
[Round "7"]
[White "Serreck, Uwe"]
[Black "Elsner, Heiko"]
[Result "1-0"]
[WhiteElo "1676"]
[BlackElo "1568"]
[PlyCount "143"]
[EventDate "2020.04.15"]
[EventType "swiss (blitz)"]
[EventRounds "9"]
[EventCountry "GER"]
[SourceTitle "CBM 196 Extra"]
[Source "ChessBase"]
[SourceDate "2020.07.31"]
[SourceVersion "1"]
[SourceVersionDate "2020.07.31"]
[SourceQuality "1"]

1. Nf3 c5 2. g3 d5 3. Bg2 Nf6 4. d3 Nc6 5. 0-0 e5 6. e4 d4 7. a4 Bg4 8. h3 Be6 9. Na3 Qd7 10. Kh2 h5 11. Ng5 Nb4 12. Nxe6 Qxe6 13. Nc4 Nc6 14. Bd2 Be7 15. b3 Nd7 16. f4 exf4 17. gxf4 f6 18. Qf3 g5 19. fxg5 fxg5 20. Qf5 Bd6+ 21. Kh1 Qxf5 22. Rxf5 Be7 23. Bxg5 0-0-0 24. Bxe7 Nxe7 25. Rf7 Ng6 26. Raf1 Nh4 27. Rg7 Nxg2 28. Kxg2 Rdg8 29. Rff7 Rxg7+ 30. Rxg7 a6 31. Kg3 h4+ 32. Kg4 Nf6+ 33. Kf5 Nh5 34. Nd6+ Kb8 35. Rxb7+ Ka8 36. Rc7 Ng3+ 37. Kg4 Nh1 38. Rc8+ Rxc8 39. Nxc8 Kb7 40. Nd6+ Kc6 41. Nf5 Kd7 42. Kxh4 Ke6 43. Kg5 Nf2 44. Ng7+ Kf7 45. Nf5 Nxh3+ 46. Kg4 Nf2+ 47. Kf4 Ke6 48. Ng7+ Kd6 49. Kf5 Nd1 50. e5+ Ke7 51. Ke4 Ne3 52. Nf5+ Ke6 53. Nxe3 dxe3 54. Kxe3 Kxe5 55. Kd2 Kd4 56. c3+ Kd5 57. Ke3 Ke5 58. a5 Kd5 59. Kf4 Kc6 60. Ke5 Kb5 61. Kd5 Kxa5 62. d4 cxd4 63. cxd4 Kb4 64. Kc6 Kxb3 65. d5 a5 66. d6 a4 67. d7 a3 68. d8Q a2 69. Qd4 Kc2 70. Qa1 Kb3 71. Kb5 Ka3 72. Kc4 1-0